000 00285nam a2200133Ia 4500
100 _aChristensen/Jane
942 _cBK
654 _aarco
245 _aArco Word processing
260 _bprentice hall
_aNew Delhi
_c1986
082 _a651.84
_bCHR
300 _a120
546 _aENGLISH
999 _c20974
_d20974